Improving school efficiency : the Asian experience an antriep report. meeting of the Asian network of training and research institutions in educational planning (Antriep) (15-17 diciembre, 1998 : Sri Lanka).
Збережено в:
| Співавтори: | , |
|---|---|
| Формат: | Книга |
| Мова: | Англійська |
| Предмети: | |
| Теги: |
Немає тегів, Будьте першим, хто поставить тег для цього запису!
|
MARC
| LEADER | 00000cam^a2200000uu^4500 | ||
|---|---|---|---|
| 001 | 000466318 | ||
| 005 | 20250521000000.0 | ||
| 008 | 050901s2000^^^^^^^^^^^^rd^r^^000^0^eng^d | ||
| 009 | 20260310124419.59 | ||
| 022 | |a 9280311956 | ||
| 035 | |a FCE 000008955 | ||
| 035 | |a FCE 035081 | ||
| 037 | |a Acervo ITESO - Biblioteca | ||
| 041 | |a eng | ||
| 082 | 0 | 4 | |a 371.005 |b UNEi |
| 110 | |a UNESCO | ||
| 245 | 1 | 0 | |a Improving school efficiency : |b the Asian experience an antriep report. meeting of the Asian network of training and research institutions in educational planning (Antriep) (15-17 diciembre, 1998 : Sri Lanka). |
| 264 | |a Paris : |b UNESCO ; IIEP, |c 2000. | ||
| 300 | |a 186 p. | ||
| 336 | |a texto |b txt |2 rdacontenido | ||
| 337 | |a sin mediación |b n |2 rdamedio | ||
| 338 | |a volumen |b nc |2 rdasoporte | ||
| 611 | 2 | 4 | |a Seminario |
| 649 | |a XX | ||
| 650 | |a Planificación de la educación | ||
| 650 | |a Experiencia educativa | ||
| 650 | |a Servicios de educación | ||
| 650 | |a Organización escolar | ||
| 650 | |a Autonomía | ||
| 650 | |a Supervisión escolar | ||
| 650 | |a Organización de la educacion | ||
| 650 | |a Eficiencia académica | ||
| 650 | |a Estudios de casos | ||
| 650 | |a Evaluación educativa | ||
| 650 | |a Asia | ||
| 710 | |a International Institute for Educational Planning (IIEP) | ||
| 910 | |a Fondo Centro de Estudios Educativos | ||
| 920 | |a Impresos - Libros | ||
| 930 | |a Fondos Especiales | ||
| 905 | |a 133 | ||
| 901 | |a ALE035081 |b IT2 |c CEE |u 20250521 | ||
| 902 | |a https://opac.biblio.iteso.mx/vufind/Record/000466318 | ||